FILM CLIC/ Le Projet Blair Witch (1999) ou un autre film ? - Statistiques

Statistiques générales
  • Ce quiz a été pris 19 fois
  • Le résultat moyen est 27 sur 30
Statistiques - réponses
Hint Réponse % Correct
Le Projet Blair Witch (1999)
100%
Le Projet Blair Witch (1999)
100%
Le Projet Blair Witch (1999)
100%
Le Projet Blair Witch (1999)
100%
Le Projet Blair Witch (1999)
100%
Le Projet Blair Witch (1999)
100%
Un autre film
100%
Un autre film
100%
Le Projet Blair Witch (1999)
94%
Le Projet Blair Witch (1999)
94%
Un autre film
94%
Un autre film
94%
Un autre film
94%
Un autre film
94%
Le Projet Blair Witch (1999)
89%
Le Projet Blair Witch (1999)
89%
Un autre film
89%
Un autre film
89%
Un autre film
89%
Un autre film
89%
Un autre film
89%
Le Projet Blair Witch (1999)
83%
Le Projet Blair Witch (1999)
83%
Le Projet Blair Witch (1999)
83%
Un autre film
83%
Un autre film
78%
Un autre film
78%
Un autre film
67%
Le Projet Blair Witch (1999)
61%
Le Projet Blair Witch (1999)
56%
Aucun quiz correspondant
Distribution des résultats
% des personnes avec chaque résultat
Percentile par nombre de réponses
Votre historique - résultats
Vous n’avez pas pris ce quiz